书目信息 |
| 题名: |
世界战略中的石油
|
|
| 作者: | 贝雷比 著 ;时波 译 | |
| 分册: | ||
| 出版信息: | 北京 新华出版社 1980 |
|
| 页数: | 205页 | |
| 开本: | 21cm | |
| 丛书名: | ||
| 单 册: | ||
| 中图分类: | D518 | |
| 科图分类: | ||
| 主题词: | 石油政治 | |
| 电子资源: | ||
| ISBN: | ||
| 000 | 00648nam0 2200241 45 | |
| 001 | 0180007788 | |
| 005 | 20060820090645.70 | |
| 010 | @d¥1.00 | |
| 091 | @aCN@b3203.003 | |
| 100 | @a19950605d1980 kemy0chiy0121 ea | |
| 101 | 1 | @achi@cfre |
| 102 | @aCN@b110000 | |
| 105 | @ay z 000yy | |
| 200 | 10 | @a世界战略中的石油@Ashi jie zhan lue zhong de shi you@f(比)贝雷比著@g时波等译 |
| 210 | @a北京@c新华出版社@d1980 | |
| 215 | @a205页@d21cm | |
| 606 | @a石油政治 | |
| 690 | @aD518@v3 | |
| 701 | 1 | @a贝雷比@Abei lei bi@4著 |
| 702 | 0 | @a时波@Ashi bo@4译 |
| 801 | 0 | @aCN@bTSSF@c20060820 |
| 801 | 2 | @aCN@bNLC@c20060819 |
| 905 | @a10447@dD518@e125 | |
| 世界战略中的石油/(比)贝雷比著/时波等译.-北京:新华出版社,1980 |
| 205页;21cm |
| ISBN :¥1.00 |
| ● |
| 相关链接 |
|
|
|
|
正题名:世界战略中的石油
索取号:D518/125
 
预约/预借
| 序号 | 登录号 | 条形码 | 馆藏地/架位号 | 状态 | 备注 |
| 1 | 0458822 | 204588222 | 密集书库/ [索取号:D518/125] | 在馆 | |
| 2 | 0470275 | 204702759 | 密集书库/ [索取号:D518/125] | 在馆 |